NEW VISTAS OF ENTREPRENEURSHIP: CHALLENGES & OPPORTUNITIES (Record no. 9433)

MARC details
000 -LEADER
fixed length control field 00523nam a22001697a 4500
003 - CONTROL NUMBER IDENTIFIER
control field SGT
020 ## - INTERNATIONAL STANDARD BOOK NUMBER
International Standard Book Number 9798174465039
082 ## - DEWEY DECIMAL CLASSIFICATION NUMBER
Classification number 658.048,SAH
100 ## - MAIN ENTRY--PERSONAL NAME
Personal name SAHAY,A
245 ## - TITLE STATEMENT
Title NEW VISTAS OF ENTREPRENEURSHIP: CHALLENGES & OPPORTUNITIES
250 ## - EDITION STATEMENT
Edition statement 1ST
260 ## - PUBLICATION, DISTRIBUTION, ETC. (IMPRINT)
Place of publication, distribution, etc NEW DELHI
Name of publisher, distributor, etc EXCEL BOOK
Year of Publication 2007
300 ## - PAGE DESCRIPTION
No. of Pages 177
650 ## - SUBJECT ADDED ENTRY--TOPICAL TERM
Topical term or geographic name as entry element MANAGEMENT
653 ## - KEYWORDS--INDEX TERM
Keyword term SMALL SCALE ENTERPRISES, PHASE OF ENTREPRENEURSHIP, INFORMATION TECHNOLOGY ENABLED SERVICES, INTERNET CYBER CAFES: OPPORTUNITIES AND CHALLENGES
942 ## - ADDED ENTRY ELEMENTS (KOHA)
Source of classification or shelving scheme Dewey Decimal Classification
Koha item type FCM Books
Holdings
Withdrawn status Lost status Source of classification or shelving scheme Damaged status Not for loan Collection code Home library Current library Shelving location Date acquired Vendor Name Cost, normal purchase price SGTU Full call number Accession No. (Barcode) Date last seen Bill Date Koha item type
    Dewey Decimal Classification   Not For Loan COMMERCE MANAGEMENT SGT Science & Social Sciences Library SGT Science & Social Sciences Library Reference Book 02/07/2016 GIFT BY DR. J.D SINGH 295.00 SGTU 658.048,SAH CM1243 02/07/2016 02/07/2016 FCM Books